banner-ar

UNITED STATES HISTORY, 1600 - 1987 (Record no. 5490)

MARC details
000 -الفاتح
حقل البيانات ثابتة الطول 00567nam a2200181Ia 4500
008 - عناصر البيانات ثابتة الطول - معلومات عامة
حقل البيانات ثابتة الطول 140319s9999 xx 000 0 eng d
040 ## - مصدر الفهرسة
وكالة الفهرسة الأصلية GCL /
وكالة النسخ GCL
082 04 - رقم تصنيف ديوى العشرى
رقم التصنيف 973.927
رقم المادة I U
245 10 - بيان العنوان
العنوان UNITED STATES HISTORY, 1600 - 1987
260 ## - PUBLICATION, DISTRIBUTION, ETC. (IMPRINT)
تاريخ النشر أو التوزيع 1987
300 ## - الوصف المادى
التعداد X1, 222 P
تفاصيل ماديه اخرى للوعاء ILLS, MAPS ؛
أبعاد الوعاء 23 cm.
490 ## - بيان السلسلة
عنوان السلسلة SEMIES OF FEDERAL CITIZENSHIP TEXTS
رقم المجلد/ التعيين التسلسلي 1
650 04 - المدخل الاضافى بالموضوع-مصطلح موضوعى
مصطلح موضوعي UNITED STATES
650 04 - المدخل الاضافى بالموضوع-مصطلح موضوعى
مصطلح موضوعي UNITED STATES - HISTORY
650 04 - المدخل الاضافى بالموضوع-مصطلح موضوعى
مصطلح موضوعي UNITED STATES - HISTORY, 20 TH CENTURY
942 ## - عناصر المدخل الإضافي( كوها)
مصدر التصنيف او مخطط الترفيف Dewey Decimal Classification
Koha [default] item type كتاب
260 ## - PUBLICATION, DISTRIBUTION, ETC. (IMPRINT)
-- نيويورك :
-- U.S DEPARTMENT OF JUSTICE IMMIGRATION ،
Holdings
حالة التراجع حالة الفقد حالة تلف ليس للاعارة المكان المؤقت الموقع الحالى تاريخ الاكتساب اجمالي اﻻعارات رقم الطلب الباركود تاريخ اخر مشاهدة تاريخ تفعيل السعر نوع وعاء كوها
        مكتبة القاهرة الكبرى مكتبة القاهرة الكبرى 03/26/2014   973.927\I U 11776 03/26/2014 03/26/2014 كتاب

Powered By

EGPV